| 000 | 01183 a2200229 4500 | ||
|---|---|---|---|
| 005 | 20080825124612.0 | ||
| 008 | 080825t xxu||||| |||| 00| 0 hin d | ||
| 010 | _aHIN-83009 | ||
| 020 | _c150.00 | ||
| 035 | _aHN-55355 | ||
| 037 | _bपु.प्र.अ.प्र/प्रका | ||
| 082 | _a510 | ||
| 100 | _aवीरेंद्र कुमार | ||
| 245 |
_aसामान्य गणित पेचीदे प्रश्न / _cवीरेंद्र कुमार |
||
| 246 |
_aSamanya Ganit,pecheede prashna _bby Virendra Kumar |
||
| 260 |
_aनई दिल्ली _bविद्या विहार _c2007 |
||
| 270 |
_a1660 कूचा दखनीराय, दरियागंज _bनई दिल्ली _e110002 |
||
| 300 |
_a135पृ _c22सेमी (सजिल्द) |
||
| 500 | _aसमान ISBN 8188140783 शीर्षक 'गुरूदेव' | ||
| 942 |
_adpl _cHN _k510 / वीरेंद्र _2ddc _h510 _mवीरेंद्र |
||
| 999 |
_c11495 _d11495 |
||